| 000 | 00358nam a2200145Ia 4500 | ||
|---|---|---|---|
| 003 | LDD | ||
| 008 | 181029s9999 xx 000 0 und d | ||
| 040 | _cLDD | ||
| 100 | _aRadhakrishnan, S. | ||
| 245 | 0 |
_aReligion and culture _cS. Radhakrishnan |
|
| 260 |
_aDelhi _bOrient Paperbacks _c1984 |
||
| 300 | _a176p | ||
| 901 |
_a3112 _b17-03-2005 |
||
| 942 |
_2ddc _cBK |
||
| 999 |
_c26568 _d26568 |
||